000 00624nam a2200205 i 4500
001 bg
100 1 _aGrabowski, Marian
_d(1951- ).
245 0 _aMechanika kwantowa :
_bujęcie w przestrzeni Hilberta /
_cMarian Grabowski, Roman S. Ingarden.
260 _aWarszawa :
_bPańst. Wydaw. Naukowe,
_c1989.
300 _a321, [2] s. :
_brys. ;
_c24 cm.
504 _aBibliogr. s. 321-322.
700 1 _aIngarden, Roman Stanisław
_d(1920-2011).
020 _a8301085789
040 _cBPK
041 _apol
080 _a530.145(075.8)
920 _a83-01-08578-9
942 _cKS
008 s pl f |000 0 pol
999 _c10266
_d10266
856 _uhttp://koha.tu.koszalin.pl/cgi-bin/koha/opac-detail.pl?biblionumber=10266
_yKatalog online BPK